LDR 00993naa#a2200193#i#450# 001 RU\\bibl\19924 005 20260701202407.3 100 ## _a20260630b2026####ek#y0rusy0150####ca 102 ## _aRU 200 1# _aРАЗРАБОТКА И ПРИМЕНЕНИЕ МИКРОСЕРВИСНОЙ АРХИТЕКТУРЫ В КОРПОРАТИВНЫХ СИСТЕМАХ _eСтатья/тезисы конференции 210 1# _aВоронеж _cВоронежский государственный лесотехнический университет имени Г.Ф. Морозова _d2026 215 ## _a7 с. 608 ## _aСтатья/тезисы конференции _2local 675 ## _aИнформационные технологии. Компьютерные технологии. Теория вычислительных машин и систем. 004 _z 700 #1 _aБуздин _gВ. Э. 700 #1 _aБхуйа _gМ. 700 #1 _aРеин _gЮ. 700 #1 _aШова _gР. Ш. 856 4# _abibl.vgltu.ru _u